[Event "International Championship of Central Se"]
[Site "Paracin, hotel "]
[Date "2012.07.07"]
[Round "2.27"]
[White "Nikolic, Stanko"]
[Black "Bouwmans, Erik"]
[Result "1-0"]
[WhiteElo "1911"]
[BlackElo "1756"]
[PlyCount "122"]
[EventDate "2012.07.06"]

1. e4 c6 2. d4 d5 3. Nc3 dxe4 4. Nxe4 Bf5 5. Ng3 Bg6 6. h4 h6 7. Nf3 Nd7 8. h5
Bh7 9. Bd3 Bxd3 10. Qxd3 Ngf6 11. Bf4 Qa5+ 12. Bd2 Qc7 13. O-O-O e6 14. Kb1 Be7
15. Ne4 O-O 16. Nxf6+ Bxf6 17. g4 Rfd8 18. Qe2 c5 19. g5 hxg5 20. Bxg5 Rac8 21.
d5 exd5 22. Rxd5 Qb6 23. Bxf6 Nxf6 24. Rg5 Re8 25. Re5 Qc6 26. Rg1 Nxh5 27. Nh4
Nf4 28. Qg4 Ng6 29. Nxg6 fxg6 30. Qc4+ Kf8 31. Reg5 Re4 32. Qc3 Rce8 33. a3
R4e6 34. Rxc5 Qe4 35. Rc7 R8e7 36. Rc8+ Kf7 37. Rd1 g5 38. Qc5 Re5 39. Qxa7 Qg4
40. Rcd8 Re1 41. Qd4 Rxd1+ 42. Qxd1 Qxd1+ 43. Rxd1 Kf6 44. Rd3 g4 45. Kc1 Kf5
46. Kd2 Kf4 47. c4 g5 48. b4 Re4 49. c5 Rc4 50. Rg3 Rd4+ 51. Ke2 Re4+ 52. Kf1
Rd4 53. Kg2 Ke5 54. Rc3 Rf4 55. Rd3 Rc4 56. Rd7 Rc3 57. Rxb7 Rxa3 58. b5 Kd5
59. c6 Kd6 60. b6 Rc3 61. Rb8 Rc4 1-0

[Event "International Championship of Central Se"]
[Site "Paracin, hotel "]
[Date "2012.07.07"]
[Round "2.28"]
[White "Zivanovic, Blagoje"]
[Black "Gagic, Miroljub"]
[Result "1/2-1/2"]
[WhiteElo "1767"]
[BlackElo "1911"]
[PlyCount "42"]
[EventDate "2012.07.06"]

1. e4 e6 2. d4 b6 3. Nd2 Bb7 4. Bd3 c5 5. c3 cxd4 6. cxd4 Nc6 7. Ne2 Nf6 8. a3
Be7 9. O-O O-O 10. b4 Rc8 11. Nb3 d6 12. f3 a6 13. Be3 Nd7 14. Rc1 Re8 15. Qd2
Bf8 16. Rc2 Ne7 17. Rxc8 Qxc8 18. Rc1 Qb8 19. a4 Rc8 20. b5 axb5 21. Bxb5 Bc6
1/2-1/2

[Event "International Championship of Central Se"]
[Site "Paracin, hotel "]
[Date "2012.07.07"]
[Round "2.29"]
[White "Nadvesnik, Vilma"]
[Black "Lazic, Radomir"]
[Result "1-0"]
[WhiteElo "1906"]
[BlackElo "1561"]
[PlyCount "73"]
[EventDate "2012.07.06"]

1. e4 e5 2. Nf3 Nc6 3. Bb5 Nge7 4. c3 a6 5. Ba4 d6 6. h3 Bd7 7. d4 exd4 8. cxd4
g6 9. Nc3 Bg7 10. Be3 O-O 11. O-O Qc8 12. Kh2 f5 13. Qd2 b5 14. Bb3+ Kh8 15. a3
Rb8 16. Bh6 Na5 17. Bxg7+ Kxg7 18. Ba2 Qb7 19. Rac1 Nc4 20. Qe2 fxe4 21. Nxe4
Bc6 22. Nc5 dxc5 23. Qxe7+ Rf7 24. Qxc5 Bxf3 25. gxf3 Qxf3 26. Qg5 Qe2 27. Bxc4
bxc4 28. Qe5+ Qxe5+ 29. dxe5 Rxb2 30. Rxc4 Rb5 31. Re4 Ra5 32. a4 g5 33. Kg3
Kg6 34. Rc1 Kf5 35. f3 h5 36. Rc6 Re7 37. Rf6# 1-0

[Event "International Championship of Central Se"]
[Site "Paracin, hotel "]
[Date "2012.07.07"]
[Round "2.30"]
[White "Ratkovic, Petar"]
[Black "Milutinovic, Stefana"]
[Result "1-0"]
[WhiteElo "1527"]
[BlackElo "1896"]
[PlyCount "69"]
[EventDate "2012.07.06"]

1. d4 Nf6 2. Nf3 e6 3. a3 c5 4. e3 d5 5. c4 Nc6 6. Nc3 a6 7. cxd5 exd5 8. Bd3
Bg4 9. Be2 cxd4 10. exd4 h6 11. O-O Bd6 12. Be3 O-O 13. h3 Bh5 14. Nd2 Bg6 15.
Bf3 Bc7 16. Ne2 Bd3 17. Qb3 Bxe2 18. Bxe2 Re8 19. Nf3 Na5 20. Qd1 Ne4 21. Rc1
f5 22. b4 f4 23. Bd2 Nc6 24. b5 axb5 25. Bxb5 Rxa3 26. Bb4 Ra8 27. Bxc6 bxc6
28. Rxc6 Rb8 29. Qa4 Qd7 30. Rfc1 Ng5 31. Nxg5 hxg5 32. Qa7 Rxb4 33. Rxc7 Qf5
34. Rxg7+ Kh8 35. Rcc7 1-0